Top secret executive resumes /
This book is about: Today's executive resume; Assessing your skills; Organizing a High-Impact resume; The Pro-active executive resume; Using a title or objective; ...
Na minha lista:
| Autor principal: | |
|---|---|
| Formato: | Livro |
| Idioma: | English |
| Publicado em: |
Franklin Lakes, NJ :
Career Press,
2000.
|
| Assuntos: | |
| Tags: |
Adicionar Tag
Sem tags, seja o primeiro a adicionar uma tag!
|
| Thư viện lưu trữ: | Mạng thư viện Đại học Đà Nẵng |
|---|
| LEADER | 01025cam a2200349 i 4500 | ||
|---|---|---|---|
| 001 | 000048453 | ||
| 003 | 8170 | ||
| 005 | 20030318144050.0 | ||
| 008 | 010326|2000 vm 000 eng | ||
| 020 | |a 1564144313 | ||
| 040 | |a IRC |c IRC |d IRC | ||
| 041 | 0 | |a eng | |
| 082 | 1 | 4 | |a 808.06665 |b PR-S |
| 100 | 1 | |a Provenzano, Steven A. | |
| 245 | 0 | 0 | |a Top secret executive resumes / |c Steven A. Provenzano. |
| 260 | |a Franklin Lakes, NJ : |b Career Press, |c 2000. | ||
| 300 | |a 255 p. ; |c 27.5cm. | ||
| 520 | 3 | |a This book is about: Today's executive resume; Assessing your skills; Organizing a High-Impact resume; The Pro-active executive resume; Using a title or objective; ... | |
| 630 | 0 | 4 | |a Executives. |
| 630 | 0 | 4 | |a Resumes. |
| 650 | 0 | 4 | |a Executives. |
| 650 | 0 | 4 | |a Resumes (Employment) |
| OWN | |a DUT | ||
| 999 | |a From the UDN01 | ||
| TYP | |a Monograph | ||
| TYP | |a Printed language | ||
| 980 | |a Mạng thư viện Đại học Đà Nẵng | ||


